The Complete Book of Crochet Border Designs : (Record no. 584140)

MARC details
000 -LEADER
fixed length control field 00514nam a2200193 a 4500
008 - FIXED-LENGTH DATA ELEMENTS--GENERAL INFORMATION
fixed length control field 250826s2007##################000#0#eng##
020 ## - INTERNATIONAL STANDARD BOOK NUMBER
ISBN 9781579909147
082 04 - DEWEY DECIMAL CLASSIFICATION NUMBER
Classification number 746.434041
Item number SCH
100 1# - MAIN ENTRY--AUTHOR NAME
Personal name Schäpper, Linda,
245 10 - TITLE STATEMENT
Title The Complete Book of Crochet Border Designs :
260 ## - PUBLICATION, DISTRIBUTION, ETC. (IMPRINT)
Name of publisher Sterling Publishing Company,
Year of publication 2007.
300 ## - PHYSICAL DESCRIPTION
Number of Pages 268 pages
650 #0 - SUBJECT ADDED ENTRY--TOPICAL TERM
Topical Term Crafts & Hobbies.
942 ## - ADDED ENTRY ELEMENTS (KOHA)
Koha item type English Books
Holdings
Withdrawn status Lost status Damaged status Not for loan Home library Current library Shelving location Date acquired Full call number Accession Number Price effective from Koha item type
        Anna Centenary Library Anna Centenary Library 6TH FLOOR, B WING 26.08.2025 746.434041 SCH 382401 26.08.2025 English Books

Find us on the map